[Event "Santa Eugenia op 17th"]
[Site "Santa Eugenia"]
[Date "2023.08.03"]
[Round "7"]
[White "Mayor Sanchez, Angel"]
[Black "Mundet Riera, Joaquim"]
[Result "1-0"]
[WhiteElo "2046"]
[BlackElo "1844"]
[PlyCount "43"]
[EventDate "2023.07.31"]
[EventType "swiss"]
[EventRounds "9"]
[EventCountry "ESP"]
[SourceTitle "CBM 215 Extra"]
[Source "ChessBase"]
[SourceDate "2023.09.30"]
[SourceVersion "1"]
[SourceVersionDate "2023.09.30"]
[SourceQuality "1"]

1. d4 d5 2. c4 c6 3. Nc3 Nf6 4. Nf3 Bf5 5. cxd5 Nxd5 6. Qb3 Nb6 7. e4 Be6 8. Qc2 g6 9. Bf4 Bg7 10. h3 0-0 11. Rd1 Bc4 12. Bxc4 Nxc4 13. 0-0 Nb6 14. a4 Na6 15. Qb3 Qc8 16. Rc1 e6 17. Nb5 Qd8 18. Nd6 Rb8 19. a5 Nd7 20. Nxb7 Qf6 21. Bxb8 Naxb8 22. Rxc6 1-0

[Event "Girona Gerunda Sarria Ter4th"]
[Site "Girona"]
[Date "2019.05.03"]
[Round "5.8"]
[White "Carraminana Puig, Jordi"]
[Black "Mundet Riera, Joaquim"]
[Result "0-1"]
[WhiteElo "1647"]
[BlackElo "1855"]
[PlyCount "116"]
[EventDate "2019.03.29"]
[EventType "swiss"]
[EventRounds "9"]
[EventCountry "ESP"]
[SourceTitle "EXT 2024"]
[Source "ChessBase"]
[SourceDate "2023.10.10"]
[SourceVersion "1"]
[SourceVersionDate "2023.10.10"]
[SourceQuality "1"]

1. d4 d5 2. c4 c6 3. e3 a6 4. Nc3 Nf6 5. a4 e6 6. Bd2 Be7 7. Nf3 0-0 8. cxd5 exd5 9. Bd3 Bg4 10. h3 Bh5 11. 0-0 Nbd7 12. Be2 Ne4 13. Nxe4 dxe4 14. Nh2 Bxe2 15. Qxe2 Bd6 16. f3 Nf6 17. Ng4 Nh5 18. Be1 f5 19. Ne5 Nf6 20. Bh4 Qc7 21. f4 Nd5 22. Nc4 Bb4 23. Rfc1 Rac8 24. Ne5 Qd6 25. Bf2 Ba5 26. Nc4 Qd8 27. Be1 Bc7 28. a5 Qe8 29. Ra3 Rf6 30. Rb3 Rb8 31. Nb6 Bxb6 32. axb6 Rg6 33. Rc5 Qd8 34. Qc4 Kh8 35. Qc2 Qd6 36. Qf2 Rf6 37. h4 Rg6 38. h5 Rg4 39. g3 Rf8 40. Rc2 Rf6 41. Qf1 Rh6 42. Rh2 Qd8 43. Kh1 Qe8 44. Qh3 Kg8 45. Kg1 Kf7 46. Qg2 Ke6 47. Qh1 Kd7 48. Kf1 Qe6 49. Ra3 Nxb6 50. Kg2 Qc4 51. Bf2 Qc2 52. Rc3 Qxb2 53. Qc1 Qxc1 54. Rxc1 Nd5 55. Rh4 Rxh4 56. gxh4 Rxh5 57. Rg1 Rh6 58. Kh3 Rg6 0-1

[Event "Girona Gerunda Sarria Ter4th"]
[Site "Girona"]
[Date "2019.04.26"]
[Round "4.4"]
[White "Mundet Riera, Joaquim"]
[Black "Clot Chico, Arnau"]
[Result "0-1"]
[WhiteElo "1855"]
[BlackElo "1993"]
[PlyCount "58"]
[EventDate "2019.03.29"]
[EventType "swiss"]
[EventRounds "9"]
[EventCountry "ESP"]
[SourceTitle "EXT 2024"]
[Source "ChessBase"]
[SourceDate "2023.10.10"]
[SourceVersion "1"]
[SourceVersionDate "2023.10.10"]
[SourceQuality "1"]

1. d4 Nf6 2. c4 c5 3. d5 e6 4. Nf3 exd5 5. cxd5 d6 6. Nc3 g6 7. e4 Bg7 8. Be2 0-0 9. 0-0 Bg4 10. h3 Bxf3 11. Bxf3 Nbd7 12. Re1 a6 13. Be2 Re8 14. Bd3 b5 15. f4 c4 16. Bc2 Nc5 17. Qf3 b4 18. Na4 Nxd5 19. Nxc5 Qb6 20. Kf1 Qxc5 21. exd5 Rxe1+ 22. Kxe1 Qg1+ 23. Kd2 c3+ 24. Kd3 Qd4+ 25. Ke2 Re8+ 26. Kf1 cxb2 27. Rb1 Qc4+ 28. Qd3 bxc1Q+ 29. Rxc1 Qxf4+ 0-1

[Event "Girona Gerunda Sarria Ter4th"]
[Site "Girona"]
[Date "2019.04.12"]
[Round "3.2"]
[White "Mayor Sanchez, Angel"]
[Black "Mundet Riera, Joaquim"]
[Result "1/2-1/2"]
[WhiteElo "2072"]
[BlackElo "1855"]
[PlyCount "102"]
[EventDate "2019.03.29"]
[EventType "swiss"]
[EventRounds "9"]
[EventCountry "ESP"]
[SourceTitle "EXT 2024"]
[Source "ChessBase"]
[SourceDate "2023.10.10"]
[SourceVersion "1"]
[SourceVersionDate "2023.10.10"]
[SourceQuality "1"]

1. d4 d5 2. c4 c6 3. Nc3 Nf6 4. Nf3 a6 5. cxd5 cxd5 6. Qb3 e6 7. Bg5 Be7 8. Rc1 0-0 9. e3 b5 10. Ne5 Bb7 11. Bd3 Nbd7 12. Bf4 Rc8 13. 0-0 Nh5 14. Nxd7 Qxd7 15. Be5 f6 16. Bg3 Nxg3 17. hxg3 f5 18. Ne2 Rce8 19. f3 Bd6 20. Kf2 e5 21. Rh1 Rf6 22. dxe5 Bxe5 23. f4 Bb8 24. Nd4 g6 25. Rc3 Rc8 26. Rxc8+ Qxc8 27. a4 bxa4 28. Qxa4 Rb6 29. b4 Rd6 30. Qa3 Ba7 31. b5 Bc5 32. Qb3 Bxd4 33. exd4 axb5 34. Qxb5 Ba6 35. Qc5 Qxc5 36. dxc5 Rc6 37. Bxa6 Rxa6 38. Ke3 Kf7 39. Kd4 Ke6 40. Rc1 Rc6 41. Re1+ Kd7 42. Kxd5 Ra6 43. Rb1 Kc7 44. Re1 Kd7 45. Re3 Ra5 46. Rb3 Kc7 47. Rb6 Ra2 48. Rc6+ Kd7 49. Rd6+ Kc7 50. Rc6+ Kd7 51. Rd6+ Kc7 1/2-1/2

[Event "Girona Gerunda op1st"]
[Site "Girona"]
[Date "2017.11.21"]
[Round "7"]
[White "Blasco Vidal, Joan"]
[Black "Mundet Riera, Joaquim"]
[Result "0-1"]
[WhiteElo "1813"]
[BlackElo "2069"]
[PlyCount "60"]
[EventDate "2017.09.26"]
[EventType "swiss"]
[EventRounds "9"]
[EventCountry "ESP"]
[SourceTitle "EXT 2019"]
[Source "ChessBase"]
[SourceDate "2018.10.10"]
[SourceVersion "1"]
[SourceVersionDate "2018.10.10"]
[SourceQuality "1"]

1. e4 d5 2. exd5 Qxd5 3. Nc3 Qa5 4. d4 Nf6 5. Bd2 c6 6. Nf3 Bg4 7. Be2 Qc7 8. 0-0 e6 9. g3 Nbd7 10. Kg2 Bd6 11. Ng5 Bf5 12. Bf3 Qb6 13. Be3 Qxb2 14. Na4 Qxc2 15. Nc5 Qxd1 16. Rfxd1 Nxc5 17. dxc5 Be7 18. a4 h6 19. Nh3 g5 20. Be2 Nd5 21. Bd4 f6 22. Bc4 e5 23. Bb2 Be4+ 24. Kf1 Bxc5 25. Ba3 Bxa3 26. Rxa3 0-0-0 27. Re1 Bf5 28. Ng1 Nb6 29. Rc1 Nxc4 30. Rxc4 Bd3+ 0-1

[Event "Pont Major Gerunda op 1st"]
[Site "Pont Major"]
[Date "2016.05.13"]
[Round "6"]
[White "Mundet Riera, Joaquim"]
[Black "Parals Marce, Luis"]
[Result "0-1"]
[WhiteElo "1834"]
[BlackElo "2062"]
[PlyCount "64"]
[EventDate "2016.04.08"]
[EventType "swiss"]
[EventRounds "9"]
[EventCountry "ESP"]
[SourceTitle "EXT 2017"]
[Source "ChessBase"]
[SourceDate "2016.10.25"]
[SourceVersion "1"]
[SourceVersionDate "2016.10.25"]
[SourceQuality "1"]

1. d4 e6 2. Nf3 c5 3. c4 cxd4 4. Nxd4 Bb4+ 5. Nd2 Nf6 6. a3 Be7 7. e3 0-0 8. Bd3 Nc6 9. 0-0 Ne5 10. Bc2 Qc7 11. Nb5 Qb8 12. f4 Neg4 13. Ne4 Nxe4 14. Bxe4 f5 15. Bf3 Nf6 16. Nc3 Qc7 17. Qd3 a6 18. e4 fxe4 19. Nxe4 Rb8 20. b4 d5 21. cxd5 exd5 22. Nxf6+ Bxf6 23. Qxd5+ Kh8 24. Ra2 Rd8 25. Re2 Bg4 26. Qb3 Bf5 27. Rd2 Qb6+ 28. Kh1 Re8 29. Bb2 Re3 30. Qa2 Bd3 31. Rfd1 Rbe8 32. Rg1 Re1 0-1

[Event "Girona op 6th"]
[Site "Girona"]
[Date "2015.07.14"]
[Round "2"]
[White "Mundet Riera, Joaquim"]
[Black "Gonzalez Vericat, Sergio"]
[Result "0-1"]
[WhiteElo "2036"]
[BlackElo "2269"]
[PlyCount "56"]
[EventDate "2015.07.13"]
[EventType "swiss"]
[EventRounds "9"]
[EventCountry "ESP"]
[SourceTitle "EXT 2016"]
[Source "ChessBase"]
[SourceDate "2015.10.08"]
[SourceVersion "1"]
[SourceVersionDate "2015.10.08"]
[SourceQuality "1"]

1. d4 Nf6 2. Bg5 c5 3. Nf3 Qb6 4. b3 Ne4 5. Bh4 Qb4+ 6. Nbd2 cxd4 7. e3 dxe3 8. fxe3 g5 9. Bg3 Bg7 10. Be5 Bxe5 11. Nxe5 Qc3 12. Nec4 d5 13. Bd3 Nc5 14. 0-0 Nxd3 15. Qf3 Be6 16. cxd3 Nc6 17. Rad1 dxc4 18. Ne4 Qg7 19. dxc4 Qe5 20. Rd2 g4 21. Qf4 Qxf4 22. exf4 Bf5 23. Ng3 Bd7 24. Ne4 0-0-0 25. Ng5 Be8 26. Re2 h6 27. Ne4 Nd4 28. Rd2 Bc6 0-1

[Event "Girona op A"]
[Site "Girona"]
[Date "2015.05.??"]
[Round "5.7"]
[White "Vila Camps, Carles"]
[Black "Mundet Riera, Joaquim"]
[Result "0-1"]
[WhiteElo "1920"]
[BlackElo "2030"]
[PlyCount "52"]
[EventDate "2015.05.09"]
[EventType "tourn"]
[EventRounds "8"]
[EventCountry "ESP"]
[SourceTitle "EXT 2024"]
[Source "ChessBase"]
[SourceDate "2023.10.10"]
[SourceVersion "1"]
[SourceVersionDate "2023.10.10"]
[SourceQuality "1"]

1. e4 d5 2. e5 e6 3. d4 c5 4. c3 Nc6 5. Nf3 cxd4 6. cxd4 Bd7 7. Bd3 Rc8 8. 0-0 Nb4 9. Nc3 Nxd3 10. Qxd3 Nh6 11. Bxh6 gxh6 12. Rac1 Bc6 13. a3 Kd7 14. b4 a6 15. Nd2 Qg5 16. f4 Qg4 17. f5 Rg8 18. fxe6+ fxe6 19. Qxh7+ Be7 20. Rf2 Qxd4 21. Nf3 Qe3 22. Qc2 Rcf8 23. Re1 Qb6 24. Kh1 Rf4 25. Ne2 Qxf2 26. Qxc6+ bxc6 0-1

[Event "Santa Eugenia op 9th"]
[Site "Santa Eugenia"]
[Date "2014.05.16"]
[Round "4"]
[White "Gimenez Pau, Daniel"]
[Black "Mundet Riera, Joaquim"]
[Result "1-0"]
[WhiteElo "1707"]
[BlackElo "1993"]
[PlyCount "27"]
[EventDate "2014.04.25"]
[EventType "swiss"]
[EventRounds "9"]
[EventCountry "ESP"]
[SourceTitle "EXT 2015"]
[Source "ChessBase"]
[SourceDate "2014.11.20"]
[SourceVersion "1"]
[SourceVersionDate "2014.11.20"]
[SourceQuality "1"]

1. Nf3 d5 2. d4 Nf6 3. Bf4 e6 4. Nbd2 c5 5. Bxb8 Rxb8 6. dxc5 Bxc5 7. Nb3 Bd6 8. e3 Bd7 9. c4 Bb4+ 10. Nfd2 dxc4 11. Bxc4 Ne4 12. 0-0 Nxd2 13. Nxd2 Bd6 14. Nb3 1-0

[Event "Girona op-A 4th"]
[Site "Girona"]
[Date "2013.07.22"]
[Round "8"]
[White "Granados Aguilera, Cristian"]
[Black "Mundet Riera, Joaquim"]
[Result "0-1"]
[WhiteElo "1522"]
[BlackElo "1828"]
[PlyCount "82"]
[EventDate "2013.07.15"]
[EventType "swiss"]
[EventRounds "9"]
[EventCountry "ESP"]
[SourceTitle "CBM 155 Extra"]
[Source "ChessBase"]
[SourceDate "2013.08.26"]
[SourceVersion "1"]
[SourceVersionDate "2013.08.26"]
[SourceQuality "1"]

1. e4 c6 2. d4 d5 3. Nc3 dxe4 4. Nxe4 Bf5 5. Ng3 Bg6 6. Nf3 Nf6 7. h4 h6 8. h5 Bh7 9. Bd3 Bxd3 10. Qxd3 e6 11. Be3 Nbd7 12. 0-0-0 Bd6 13. Ne2 Nd5 14. a3 b5 15. Nc3 Qa5 16. Ne4 Be7 17. Nfd2 0-0 18. Nb3 Qc7 19. Rdg1 a5 20. g4 a4 21. Nbc5 Nxc5 22. Nxc5 Bxc5 23. dxc5 b4 24. g5 hxg5 25. Bxg5 f5 26. h6 g6 27. Bd2 Kh7 28. axb4 Rfd8 29. Qe2 Qf7 30. Re1 Re8 31. Qe5 a3 32. bxa3 Rxa3 33. Qb2 Rea8 34. Bg5 Ra2 35. Qd4 R8a4 36. c3 R4a3 37. Rh3 Ra1+ 38. Kb2 Rxe1 39. Kxa3 Qa7+ 40. Kb3 Rb1+ 41. Kc2 Qa2+ 0-1

[Event "Girona op 2nd"]
[Site "Girona"]
[Date "2011.07.21"]
[Round "8"]
[White "Mundet Riera, Joaquim"]
[Black "Gimenez Aguirre, Ismael Alejo"]
[Result "0-1"]
[WhiteElo "1875"]
[BlackElo "1712"]
[PlyCount "80"]
[EventDate "2011.07.14"]
[EventType "swiss"]
[EventRounds "9"]
[EventCountry "ESP"]
[SourceTitle "CBM 143 Extra"]
[Source "ChessBase"]
[SourceDate "2011.08.29"]
[SourceVersion "1"]
[SourceVersionDate "2011.08.29"]
[SourceQuality "1"]

1. d4 Nf6 2. Bg5 e6 3. e4 Be7 4. e5 Nd5 5. Bd2 c5 6. c4 Nc7 7. Qg4 g6 8. Nf3 Nc6 9. dxc5 Na6 10. Bd3 Nxc5 11. Bc2 Qb6 12. b3 Nb4 13. Bxb4 Qxb4+ 14. Nbd2 Qc3 15. Rc1 Nd3+ 16. Ke2 Nxc1+ 17. Rxc1 Ba3 18. Kd1 Bxc1 19. Kxc1 Qa1+ 20. Bb1 Qc3+ 21. Bc2 f5 22. Qh4 Qb4 23. g4 Qe7 24. Qg3 b6 25. Nd4 a6 26. Kb2 Bb7 27. h4 Qc5 28. Qf4 Rf8 29. h5 g5 30. Qe3 f4 31. Qc3 Qxe5 32. Bxh7 0-0-0 33. Kc2 f3 34. Qd3 Rf4 35. N4xf3 Bxf3 36. Nxf3 Qf6 37. Qd6 Rxf3 38. Qxb6 Rxf2+ 39. Kd3 Qf3+ 40. Kd4 e5+ 0-1